Naruto Hokages - Statistics

General Stats
  • This quiz has been taken 239 times
  • The average score is 9 of 10
Answer Stats
Hint Answer % Correct
7 Naruto
99%
1 Hashirama
98%
6 Kakashi
98%
4 Minato
98%
3 Hiruzen
97%
2 Tobirama
97%
5 Tsunade
97%
8 Konohamaru
74%
9 Sarada
72%
10 Himawari
41%
No matching quizzes found
Score Distribution
Percent of People with Each Score
Percentile by Number Answered
Your Score History
You have not taken this quiz